De quelle divinité ce personnage de Percy Jackson est-il l'enfAnt? - Statistiques

Statistiques générales
  • Ce quiz a été pris 129 fois
  • Le résultat moyen est 12 sur 16
Statistiques - réponses
Personnage Parent divin % Correct
Percy Jackson Poséidon
100%
Annabeth Chase Athéna
98%
Clarisse LaRue Arès
92%
Luke Castellan Hermès
92%
Nico DiAngelo Hadès
88%
Thalia Grace Zeus
83%
Piper McLean Aphrodite
78%
Jason Grace Jupiter
78%
Leo Valdez Héphaistos
76%
Will Solace Apollon
75%
Hazel Levesque Pluton
63%
Frank Zhang Mars
60%
Zoé Nightshade Atlas
51%
Meg McCaffrey Déméter
49%
Ethan Nakamura Némésis
49%
Reyna Avila Ramírez-Arellano Bellone
45%
Aucun quiz correspondant
Distribution des résultats
% des personnes avec chaque résultat
Percentile par nombre de réponses
Votre historique - résultats
Vous n’avez pas pris ce quiz